| 000 | 00362nam a22001457a 4500 | ||
|---|---|---|---|
| 003 | OSt | ||
| 005 | 20160727222342.0 | ||
| 008 | 160620b xxu||||| |||| 00| 0 eng d | ||
| 040 | _cTEST | ||
| 100 |
_9136 _aBryant, R |
||
| 245 |
_aJack and the Beanstalk _bJack and the Beanstalk |
||
| 260 |
_aTormont Pub. _c1998 |
||
| 300 | _aJack and the Beanstalk | ||
| 942 |
_2ddc _cBK |
||
| 999 |
_c108 _d108 |
||